000
002850000a22001090004500
100
1
_a
Brown, Steve
245
1
0
_a
An effective, caring family planing programme
300
_a
Núm 3 (1990), Páginas 5
700
1
_a
Brown, Margaret; Storkey, Miriam
773
0
_t
Paso a paso
942
_c
ANA
999
_c
52043
_d
52043